Viajar Noutro Pas̕ da Unió Europeia

Bibliographic Details
Corporate Authors: Unin̤ Europea. Oficina de Publicaciones Oficiales, Comisin̤ Europea. Direccin̤ General de Mercado Interior
Format: Unknown
Language:Portuguese
Published: [Luxemburgo] : European Union Publications Office, 2002
Subjects:
Online Access:Acceso restringido

MARC

LEADER 00000ny a22000003n 4500
005 2011062008478.0
008 080709s2002 sp s 000 0 por c
035 |a 1783 
040 |a UMA.RE  |d vLex 
080 |a 338.48-052:342.7.16(4-672UE)(0.034) 
080 |a 342.7.16:338.48-052(4-672UE)(0.034) 
090 |c 862  |d 862 
245 0 0 |a Viajar Noutro Pas̕ da Unió Europeia  |h [Recurso electrn̤ico]  |c European Commission, Directorate-General for the Internal Market 
256 |a Servicio en ln̕ea 
260 |a [Luxemburgo] :  |b European Union Publications Office,  |c 2002 
506 1 |a Contenido solo disponible en los productos indicados  |d vLex Global  |d vLex Global (Academic Edition, excluding Law Schools)  |d vLex Global (U.S. Academic Edition, Law Schools)  |d vLex Global (U.S. Academic Edition, excluding Law Schools)  |d vLex Global (Academic Edition, Law Schools) 
650 0 7 |a Comunitario  |2 Tesauro vLex 
710 1 |a Unin̤ Europea.  |b Oficina de Publicaciones Oficiales. 
710 1 |a Comisin̤ Europea.  |b Direccin̤ General de Mercado Interior 
740 0 |a vLex Libros (Servicios en ln̕ea) 
856 4 0 |u http://vlex.com/source/1783  |z Acceso restringido 
942 |c BOOK 
999 0 |a Law   |b Luxemburgo